00503nam a2200109Ia 4500008004100000050002400041100002600065245016100091260008600252300002800338521002700366140724s9999 xx 000 0 und d aTK 5101b.D331 2011 adela Santa, Lea Roca. aWeb-based information system for Asian Association of School Human Resource Management and Development Practiotioners, Inc. (AASHPI) /cLea Roca dela Santa. aLas Piñas, Philippines :bSouthville International School and Colleges,cc2011. a38 p. :bill. ;c28 cm. aInformation Technology